[Event "European Youth Chess Championship B16"]
[Site "Prague, Top Hotel Prague"]
[Date "2016.08.21"]
[Round "4.38"]
[White "Holton, Jake"]
[Black "Gallagher, Daniel GH"]
[Result "0-1"]
[WhiteElo "1832"]
[BlackElo "2128"]
[PlyCount "52"]
[EventDate "2016.08.18"]

1. d4 Nf6 2. c4 c5 3. Nf3 e6 4. Nc3 cxd4 5. Nxd4 Bb4 6. Qc2 d5 7. Bg5 h6 8. Bh4
Nc6 9. e3 O-O 10. a3 Be7 11. Be2 Nxd4 12. exd4 dxc4 13. Rd1 b6 14. Bf3 Nd5 15.
Bxe7 Qxe7 16. O-O Bb7 17. Ne2 Rac8 18. Rc1 b5 19. Ng3 Nf4 20. Bxb7 Qxb7 21. f3
Qb6 22. Qe4 Nd3 23. Rc2 Rfd8 24. Ne2 e5 25. Rd1 exd4 26. b3 Nc5 0-1

[Event "European Youth Chess Championship B16"]
[Site "Prague, Top Hotel Prague"]
[Date "2016.08.21"]
[Round "4.39"]
[White "Buzas, Bertalan"]
[Black "Hakobyan, Hakob V"]
[Result "1-0"]
[WhiteElo "2127"]
[BlackElo "1792"]
[PlyCount "91"]
[EventDate "2016.08.18"]

1. d4 Nf6 2. Nf3 g6 3. g3 Bg7 4. Bg2 O-O 5. O-O c5 6. c4 cxd4 7. Nxd4 Nc6 8.
Nc2 d6 9. Nc3 Be6 10. Ne3 Qd7 11. Re1 Rac8 12. Rb1 Bh3 13. Bh1 Ne5 14. b3 Neg4
15. Nxg4 Nxg4 16. Ne4 Qf5 17. f3 Ne5 18. g4 Bxg4 19. fxg4 Nxg4 20. h3 Nf2 21.
Nxf2 Qxb1 22. Qd2 Qa1 23. Ba3 Qe5 24. Bxb7 Qg3+ 25. Kf1 Rc7 26. Bf3 Bf6 27. Bc1
Bh4 28. Qe3 Rc5 29. Bd5 e6 30. Qxg3 Bxg3 31. Bf3 Ra5 32. a3 f5 33. Rd1 e5 34.
Bd5+ Kg7 35. Kg2 Bh4 36. Bc6 Rc5 37. Rxd6 Rf6 38. Rxf6 Bxf6 39. Bd5 e4 40. b4
Rc8 41. Be3 Rc7 42. c5 Bb2 43. a4 Ba3 44. Bf4 Rc8 45. c6 g5 46. Bxg5 1-0

[Event "European Youth Chess Championship B16"]
[Site "Prague, Top Hotel Prague"]
[Date "2016.08.21"]
[Round "4.40"]
[White "Liska, Jiri"]
[Black "Piskac, Marek"]
[Result "1/2-1/2"]
[WhiteElo "2116"]
[BlackElo "1711"]
[PlyCount "72"]
[EventDate "2016.08.18"]

1. Nf3 d5 2. d4 Bf5 3. c4 c6 4. Nc3 e6 5. g3 Nf6 6. Bg2 Be7 7. O-O Nbd7 8. Nh4
Bg4 9. b3 O-O 10. h3 Bh5 11. g4 Bg6 12. Nxg6 hxg6 13. Bb2 Bd6 14. e4 dxe4 15.
Nxe4 Nxe4 16. Bxe4 Nf6 17. Bg2 Bc7 18. Qe2 Qd6 19. f4 Rad8 20. Rad1 Rfe8 21.
Kh1 g5 22. c5 Qe7 23. fxg5 Nd5 24. Bxd5 exd5 25. Qf3 Qe4 26. Kg2 Re7 27. Qxe4
Rxe4 28. Rde1 Rde8 29. Rxe4 Rxe4 30. Rf2 Bf4 31. g6 fxg6 32. a4 g5 33. b4 a6
34. Bc3 Re3 35. Rf3 Re2+ 36. Rf2 Re3 1/2-1/2

[Event "European Youth Chess Championship B16"]
[Site "Prague, Top Hotel Prague"]
[Date "2016.08.21"]
[Round "4.41"]
[White "Cirovic, Miroljub"]
[Black "Czupor, Attila"]
[Result "1-0"]
[WhiteElo "1943"]
[BlackElo "2303"]
[PlyCount "55"]
[EventDate "2016.08.18"]

1. d4 d5 2. c4 c6 3. Nf3 Nf6 4. Nc3 e6 5. Bg5 Nbd7 6. e3 Qa5 7. cxd5 Nxd5 8.
Qd2 Bb4 9. Rc1 h6 10. Bh4 Nxc3 11. bxc3 Ba3 12. Rb1 O-O 13. Bd3 e5 14. Bg3 exd4
15. cxd4 Qh5 16. O-O Re8 17. Bc2 Nb6 18. Qd3 Qa5 19. Qh7+ Kf8 20. Qh8+ Ke7 21.
Qxg7 Be6 22. Bh4+ Kd7 23. Ne5+ Kc8 24. Bb3 Nd5 25. e4 Bf8 26. Qg3 Nc3 27. Bxe6+
fxe6 28. Qg6 1-0

[Event "European Youth Chess Championship B16"]
[Site "Prague, Top Hotel Prague"]
[Date "2016.08.21"]
[Round "4.42"]
[White "Stauskas, Lukas"]
[Black "Pavelka, Hubert Jan"]
[Result "1-0"]
[WhiteElo "2235"]
[BlackElo "1934"]
[PlyCount "37"]
[EventDate "2016.08.18"]

1. d4 Nf6 2. c4 e6 3. Nc3 Bb4 4. Qc2 O-O 5. Nf3 b6 6. e4 d6 7. e5 Bxc3+ 8. bxc3
Ne8 9. Qe4 d5 10. cxd5 exd5 11. Qc2 f5 12. Bd3 g6 13. Ba3 Rf7 14. h4 h6 15. Bc1
Kg7 16. Qd2 f4 17. Qc2 Bf5 18. h5 Bxd3 19. Qxd3 1-0

[Event "European Youth Chess Championship B16"]
[Site "Prague, Top Hotel Prague"]
[Date "2016.08.21"]
[Round "4.43"]
[White "Todorov, Kaloyan"]
[Black "Merkesvik, Sondre"]
[Result "1/2-1/2"]
[WhiteElo "1918"]
[BlackElo "2228"]
[PlyCount "67"]
[EventDate "2016.08.18"]

1. e4 c6 2. d3 d5 3. Nd2 g6 4. g3 Bg7 5. Bg2 e5 6. Ngf3 Ne7 7. O-O O-O 8. b4 a5
9. bxa5 Qxa5 10. Bb2 d4 11. Nb3 Qb6 12. c3 c5 13. Nfd2 f5 14. Nc4 Qc7 15. cxd4
cxd4 16. a4 Nbc6 17. Qd2 f4 18. f3 g5 19. g4 Be6 20. Rfc1 b6 21. Bf1 Rfc8 22.
Be2 Bf8 23. Bd1 Ng6 24. Qe2 Bb4 25. Nbd2 Nge7 26. Ba3 Qb7 27. Rab1 Bxa3 28.
Nxa3 h6 29. Ndc4 Ra6 30. Nb5 Qd7 31. Nba3 Rb8 32. Rb5 Nc8 33. Rcb1 Qc7 34. R5b2
1/2-1/2

[Event "European Youth Chess Championship B16"]
[Site "Prague, Top Hotel Prague"]
[Date "2016.08.21"]
[Round "4.44"]
[White "Kadianis, Georgios"]
[Black "Batashevs, Arsens"]
[Result "0-1"]
[WhiteElo "2169"]
[BlackElo "1969"]
[PlyCount "106"]
[EventDate "2016.08.18"]

1. e4 e6 2. d4 d5 3. Nc3 Bb4 4. e5 c5 5. a3 Bxc3+ 6. bxc3 Qa5 7. Bd2 Qa4 8. Qg4
Kf8 9. Ra2 b6 10. Nf3 Ne7 11. Bd3 Ba6 12. O-O Bxd3 13. cxd3 c4 14. Nh4 h6 15.
f4 g6 16. Nf3 Nd7 17. Qh3 Kg7 18. g4 h5 19. f5 exf5 20. gxf5 Nxf5 21. Ng5 Rae8
22. Bc1 Re7 23. Rg2 Kf8 24. Nf3 Ke8 25. Nh4 Nxh4 26. Qxh4 Rh7 27. Rgf2 Nf8 28.
Qh3 Qd7 29. Qxd7+ Rxd7 30. dxc4 dxc4 31. Bg5 Ne6 32. Bf6 Rd5 33. h4 Ra5 34. Ra2
Nc7 35. Rf3 Nd5 36. Bg5 Kd7 37. Bc1 Rb5 38. Raf2 Ke6 39. Kg2 Rb3 40. Rc2 b5 41.
Kf2 Rh8 42. Ke1 Rc8 43. Kd1 a5 44. Rb2 Nxc3+ 45. Kc2 Rxb2+ 46. Bxb2 Nd5 47. Rf2
b4 48. axb4 axb4 49. Bc1 Ra8 50. Kb2 b3 51. Rf3 Ra2+ 52. Kb1 Rc2 53. Bb2 Rh2
0-1

[Event "European Youth Chess Championship B16"]
[Site "Prague, Top Hotel Prague"]
[Date "2016.08.21"]
[Round "4.45"]
[White "Burhanov, Vassily"]
[Black "D`Avino, Gianfranco"]
[Result "1-0"]
[WhiteElo "1888"]
[BlackElo "2119"]
[PlyCount "62"]
[EventDate "2016.08.18"]

1. e4 e6 2. d4 d5 3. exd5 exd5 4. Nf3 Bd6 5. Bd3 Ne7 6. Bg5 f6 7. Bh4 Nbc6 8.
c3 Nf5 9. Bg3 O-O 10. O-O Nxg3 11. hxg3 Ne7 12. Qc2 g6 13. Nbd2 c6 14. Nh4 Be6
15. Rae1 Bf7 16. Re3 Qd7 17. Rfe1 b6 18. Nf1 c5 19. dxc5 bxc5 20. Rd1 c4 21.
Be2 g5 22. Rxe7 Bxe7 23. Nf5 Bc5 24. Bxc4 Kh8 25. N1e3 Bg6 26. Bxd5 Bxe3 27.
Be4 Qb5 28. Nxe3 Bxe4 29. Qxe4 Qxb2 30. Rd7 Qc1+ 31. Kh2 f5 1-0

[Event "European Youth Chess Championship B16"]
[Site "Prague, Top Hotel Prague"]
[Date "2016.08.21"]
[Round "4.46"]
[White "Bryker, Oleksandr"]
[Black "Dill, Xaver"]
[Result "1/2-1/2"]
[WhiteElo "1852"]
[BlackElo "2110"]
[PlyCount "41"]
[EventDate "2016.08.18"]

1. e4 e5 2. Nf3 Nc6 3. Bc4 Bc5 4. d3 Nf6 5. Nbd2 d6 6. c3 a6 7. Bb3 Ba7 8. h3
Ne7 9. Nf1 Ng6 10. Ng3 O-O 11. O-O h6 12. Be3 Re8 13. Qd2 Bxe3 14. fxe3 Be6 15.
Rf2 d5 16. exd5 Bxd5 17. e4 Bxb3 18. axb3 a5 19. Nf5 Ra6 20. Kh2 Kh7 21. Qc2
1/2-1/2

[Event "European Youth Chess Championship B16"]
[Site "Prague, Top Hotel Prague"]
[Date "2016.08.21"]
[Round "4.47"]
[White "Hung, Do"]
[Black "Haring, Viktor"]
[Result "0-1"]
[WhiteElo "1766"]
[BlackElo "2105"]
[PlyCount "60"]
[EventDate "2016.08.18"]

1. e4 c5 2. Nf3 Nc6 3. d4 cxd4 4. Nxd4 Nf6 5. Nc3 e5 6. Ndb5 d6 7. Bg5 a6 8.
Na3 b5 9. Nd5 Be7 10. Bxf6 Bxf6 11. c3 Bg5 12. Nc2 Ne7 13. Ncb4 O-O 14. Bd3 a5
15. Nxe7+ Qxe7 16. Nd5 Qb7 17. O-O Be6 18. Qh5 Bd8 19. f4 g6 20. Qe2 Rb8 21. f5
Bxd5 22. exd5 Qxd5 23. f6 Qe6 24. Rf3 d5 25. Bxb5 Qb6+ 26. Kh1 Qxb5 27. Qxe5
Re8 28. Qg5 Rb6 29. Raf1 Rbe6 30. h4 Re1 0-1

[Event "European Youth Chess Championship B16"]
[Site "Prague, Top Hotel Prague"]
[Date "2016.08.21"]
[Round "4.48"]
[White "Abdulla, Murad"]
[Black "Kuchar, Matej"]
[Result "1-0"]
[WhiteElo "2103"]
[BlackElo "1873"]
[PlyCount "101"]
[EventDate "2016.08.18"]

1. e4 c6 2. d4 d5 3. e5 Bf5 4. Nd2 e6 5. Nb3 Nd7 6. Nf3 Ne7 7. a4 Ng6 8. Be2
Be7 9. O-O Rc8 10. Be3 h5 11. Qd2 a6 12. a5 c5 13. dxc5 Bg4 14. Bd4 Nxc5 15.
Nxc5 Bxc5 16. c3 Qc7 17. Rfe1 Bf5 18. Qe3 Ne7 19. Qg5 Ng6 20. Bxc5 Qxc5 21. Nd4
Qe7 22. Qe3 Nf8 23. Nxf5 exf5 24. Bf3 Qe6 25. Rad1 Rd8 26. c4 dxc4 27. Rxd8+
Kxd8 28. Qa7 Ke7 29. Qxb7+ Nd7 30. Rd1 Rd8 31. Bd5 Qg6 32. Bc6 Qe6 33. Rd6 Qxe5
34. Rxd7+ Rxd7 35. Qxd7+ Kf6 36. Qd2 Kg6 37. h3 Qc5 38. Bf3 Qc8 39. Qc3 Qe6 40.
Qe3 Qc8 41. Qb6+ f6 42. Qc6 Qb8 43. g3 h4 44. gxh4 Kh6 45. Qxc4 Qxb2 46. Qf4+
Kg6 47. h5+ Kf7 48. Qxf5 Qc1+ 49. Kg2 Qc7 50. Bd5+ Kf8 51. Qe6 1-0

[Event "European Youth Chess Championship B16"]
[Site "Prague, Top Hotel Prague"]
[Date "2016.08.21"]
[Round "4.49"]
[White "Rolinek, Dominik"]
[Black "Jelinek, Michal"]
[Result "0-1"]
[WhiteElo "1753"]
[BlackElo "2080"]
[PlyCount "54"]
[EventDate "2016.08.18"]

1. d4 Nf6 2. c4 e6 3. Nf3 d5 4. Nc3 c6 5. cxd5 exd5 6. Bg5 Be7 7. Qc2 O-O 8. e3
Nbd7 9. Bd3 Re8 10. O-O Nf8 11. Rab1 a5 12. a3 Ne4 13. Bxe7 Qxe7 14. b4 axb4
15. axb4 Ng6 16. Bxe4 dxe4 17. Nd2 f5 18. Na4 Be6 19. Nc5 Bd5 20. Nc4 f4 21.
exf4 Nxf4 22. Ne3 Rad8 23. b5 Rd6 24. bxc6 bxc6 25. Rb7 Qg5 26. g3 Qh5 27. Nxd5
Nh3+ 0-1

[Event "European Youth Chess Championship B16"]
[Site "Prague, Top Hotel Prague"]
[Date "2016.08.21"]
[Round "4.50"]
[White "Shafi, Declan"]
[Black "Dabos, Doukas Ioannis"]
[Result "1-0"]
[WhiteElo "2078"]
[BlackElo "1815"]
[PlyCount "81"]
[EventDate "2016.08.18"]

1. c4 c5 2. Nf3 Nc6 3. d4 cxd4 4. Nxd4 g6 5. e4 Bg7 6. Be3 Nf6 7. Nc3 d6 8. Be2
O-O 9. f3 Bd7 10. Qd2 a6 11. O-O Rc8 12. Rfe1 Ne5 13. b3 Bc6 14. Rab1 e6 15.
Red1 Qe7 16. h3 Ne8 17. f4 Nd7 18. Nxc6 bxc6 19. e5 d5 20. cxd5 exd5 21. Bxa6
Rb8 22. Rbc1 Nc7 23. Be2 Ne6 24. Na4 Rfc8 25. Bg4 f5 26. exf6 Qxf6 27. Bxe6+
Qxe6 28. Nc5 Nxc5 29. Bxc5 Bf8 30. Re1 Bxc5+ 31. Rxc5 Qd6 32. Rec1 Rc7 33. b4
Rf8 34. b5 Qxf4 35. Qxf4 Rxf4 36. Rxc6 Rb7 37. b6 Rff7 38. a4 Rf4 39. a5 Ra4
40. Rc8+ Kf7 41. R8c7+ 1-0

[Event "European Youth Chess Championship B16"]
[Site "Prague, Top Hotel Prague"]
[Date "2016.08.21"]
[Round "4.51"]
[White "Kildea, Robbie"]
[Black "De Bock, Thijs"]
[Result "1/2-1/2"]
[WhiteElo "1626"]
[BlackElo "2058"]
[PlyCount "135"]
[EventDate "2016.08.18"]

1. e4 c5 2. d4 cxd4 3. c3 Nf6 4. e5 Nd5 5. Nf3 d6 6. cxd4 Nc6 7. Bc4 Nb6 8. Bb5
dxe5 9. Nxe5 Bd7 10. Bxc6 Bxc6 11. Nxc6 bxc6 12. Nc3 g6 13. Be3 Bg7 14. Rc1 Qd7
15. O-O Rd8 16. Ne2 O-O 17. Qc2 Rc8 18. Rfd1 Rfd8 19. h3 Nd5 20. Qc5 Nxe3 21.
fxe3 Qe6 22. Qa3 Bh6 23. Rc3 c5 24. Rcd3 cxd4 25. Nxd4 Qe4 26. Nf5 Rxd3 27.
Nxh6+ Kg7 28. Qxd3 Qxd3 29. Rxd3 Rc1+ 30. Kh2 Kxh6 31. Rd7 Rc2 32. Rxa7 Rxb2
33. Rxe7 f6 34. Ra7 Re2 35. Ra3 Kg5 36. Kg3 h6 37. Kf3 Rb2 38. Ra4 Rc2 39. Ra3
Rb2 40. g3 Rc2 41. Ra6 Rh2 42. h4+ Kh5 43. e4 g5 44. Rxf6 Rxa2 45. hxg5 hxg5
46. Rd6 Ra3+ 47. Kf2 Kg4 48. e5 Rf3+ 49. Ke2 Rf5 50. Rd4+ Kxg3 51. Re4 Rf7 52.
e6 Re7 53. Kf1 Kf3 54. Re1 g4 55. Kg1 Kg3 56. Re2 Rb7 57. Re1 Re7 58. Re2 Kh3
59. Rh2+ Kg3 60. Re2 Kf3 61. Re1 g3 62. Rf1+ Kg4 63. Re1 Kh3 64. Kh1 Kg4 65.
Kg2 Kf4 66. Rf1+ Kg4 67. Rf3 Rxe6 68. Rxg3+ 1/2-1/2

[Event "European Youth Chess Championship B16"]
[Site "Prague, Top Hotel Prague"]
[Date "2016.08.21"]
[Round "4.52"]
[White "Simet, Martin"]
[Black "Chajda, Patrik"]
[Result "1-0"]
[WhiteElo "2058"]
[BlackElo "1669"]
[PlyCount "63"]
[EventDate "2016.08.18"]

1. d4 Nf6 2. Nf3 d5 3. Bf4 c5 4. e3 Nc6 5. c3 Qb6 6. b3 e6 7. Nbd2 Be7 8. h3
O-O 9. Bd3 Bd7 10. O-O Rac8 11. Qe2 cxd4 12. exd4 a6 13. Rfc1 Na7 14. a4 Qd8
15. Ne5 b5 16. g4 Ne8 17. Ndf3 f6 18. Nxd7 Qxd7 19. Bd2 Nc7 20. Rd1 Bd6 21.
axb5 Naxb5 22. c4 dxc4 23. bxc4 Nxd4 24. Nxd4 Be5 25. Qe4 Bxd4 26. Qxh7+ Kf7
27. Bg6+ Ke7 28. Qxg7+ Kd6 29. Bb4+ Kc6 30. Be4+ Nd5 31. cxd5+ exd5 32. Rdc1+
1-0

[Event "European Youth Chess Championship B16"]
[Site "Prague, Top Hotel Prague"]
[Date "2016.08.21"]
[Round "4.53"]
[White "Mouthuy, Jacky-Long"]
[Black "Birkisson, Bardur Orn"]
[Result "0-1"]
[WhiteElo "1564"]
[BlackElo "2028"]
[PlyCount "84"]
[EventDate "2016.08.18"]

1. e4 e5 2. Nf3 Nc6 3. Bc4 Nf6 4. d3 Bc5 5. Nc3 d6 6. Bg5 h6 7. Bh4 g5 8. Bg3
Bg4 9. h3 Bxf3 10. Qxf3 Nd4 11. Qd1 Qd7 12. f3 Ne6 13. Ne2 Nh5 14. Qd2 Nhf4 15.
Nxf4 gxf4 16. Bf2 Bxf2+ 17. Qxf2 Rg8 18. O-O-O Qe7 19. Rdg1 Rg3 20. h4 Ng7 21.
h5 c5 22. Bb5+ Kf8 23. Rh2 Qg5 24. Rgh1 Ne6 25. c3 Rd8 26. Bc4 Nc7 27. Rg1 b5
28. Bb3 a5 29. a3 b4 30. axb4 axb4 31. cxb4 Nb5 32. bxc5 Nd4 33. Bd1 dxc5 34.
Rhh1 Ra8 35. Kb1 Qf6 36. b3 Qa6 37. Qb2 Qxd3+ 38. Kc1 Qe3+ 39. Kb1 Qd3+ 40. Kc1
Rb8 41. Qa3 Qc3+ 42. Kb1 Nxb3 0-1

[Event "European Youth Chess Championship B16"]
[Site "Prague, Top Hotel Prague"]
[Date "2016.08.21"]
[Round "4.54"]
[White "Sramek, Vojtech"]
[Black "Fleri, Matthew"]
[Result "1-0"]
[WhiteElo "2005"]
[BlackElo "1276"]
[PlyCount "53"]
[EventDate "2016.08.18"]

1. e4 c5 2. Nf3 g6 3. d4 Bg7 4. Nc3 d6 5. Bc4 Bg4 6. Bxf7+ Kf8 7. Bxg8 Kxg8 8.
dxc5 Bxf3 9. Qd5+ Kf8 10. gxf3 Nc6 11. cxd6 Qxd6 12. Qxd6 exd6 13. Bf4 Rd8 14.
O-O-O Be5 15. Bxe5 Nxe5 16. f4 Nc6 17. e5 dxe5 18. Rxd8+ Nxd8 19. fxe5 Nc6 20.
f4 Ke7 21. Rd1 Rf8 22. Rd6 Rd8 23. Nd5+ Kf7 24. Rxd8 Nxd8 25. Kd2 Ke6 26. c4
Nc6 27. Ke3 1-0

[Event "European Youth Chess Championship B16"]
[Site "Prague, Top Hotel Prague"]
[Date "2016.08.21"]
[Round "4.55"]
[White "Bauer, Miroslav"]
[Black "Durbano, Gabriele"]
[Result "1/2-1/2"]
[WhiteElo "1327"]
[BlackElo "2002"]
[PlyCount "41"]
[EventDate "2016.08.18"]

1. e4 e6 2. d4 d5 3. Nc3 Nf6 4. Bd3 c5 5. dxc5 Bxc5 6. exd5 exd5 7. Nf3 O-O 8.
O-O Nc6 9. Bg5 Be6 10. Bb5 Be7 11. Re1 Qb6 12. Bxc6 bxc6 13. Nd4 Qxb2 14. Nxc6
Bd8 15. Qd3 Rc8 16. Rab1 Qa3 17. Rb3 Qd6 18. Nxa7 Rxc3 19. Qxc3 Ne4 20. Qd3
Nxg5 21. Nb5 1/2-1/2

[Event "European Youth Chess Championship B16"]
[Site "Prague, Top Hotel Prague"]
[Date "2016.08.21"]
[Round "4.56"]
[White "Danek, Daniel"]
[Black "Havelka, Jonas"]
[Result "1-0"]
[WhiteElo "1970"]
[BlackElo "1624"]
[PlyCount "77"]
[EventDate "2016.08.18"]

1. e4 e5 2. Nf3 Nf6 3. Nxe5 d6 4. Nxf7 Kxf7 5. d4 Be7 6. Nc3 Re8 7. Bc4+ Kf8 8.
O-O Nc6 9. a3 Bg4 10. Qd3 Qd7 11. f4 d5 12. Nxd5 Na5 13. Ba2 Nxd5 14. Bxd5 c6
15. Ba2 b5 16. b4 Nb7 17. f5 Bd8 18. Be6 Qe7 19. Qg3 Qh4 20. Qxh4 Bxh4 21. Rf4
h5 22. h3 Bg3 23. hxg4 Bxf4 24. Bxf4 hxg4 25. Be5 Rad8 26. c3 Nd6 27. Bxd6+
Rxd6 28. e5 Rdxe6 29. fxe6 Rxe6 30. Kf2 Kf7 31. Ke3 Rg6 32. a4 a6 33. axb5 cxb5
34. d5 Ke7 35. d6+ Ke6 36. Rd1 Kd7 37. Ke4 g3 38. Kd5 Rh6 39. Rf1 1-0

[Event "European Youth Chess Championship B16"]
[Site "Prague, Top Hotel Prague"]
[Date "2016.08.21"]
[Round "4.58"]
[White "Kistrup, Nicolai"]
[Black "Seibt, Sascha"]
[Result "1-0"]
[WhiteElo "2089"]
[BlackElo "1847"]
[PlyCount "103"]
[EventDate "2016.08.18"]

1. d4 Nf6 2. Nf3 e6 3. c4 c5 4. g3 cxd4 5. Nxd4 Bc5 6. Nc3 d5 7. Be3 O-O 8.
Nxe6 Bxe6 9. Bxc5 Re8 10. cxd5 Nxd5 11. Bg2 Nd7 12. Bxd5 Nxc5 13. Bxe6 Nxe6 14.
Qxd8 Raxd8 15. Rd1 Nd4 16. e3 Nf3+ 17. Ke2 Nd4+ 18. Kf1 Nc6 19. Rxd8 Rxd8 20.
Ke2 Ne5 21. Rd1 Rxd1 22. Nxd1 Kf8 23. f4 Nc6 24. Nc3 Ke7 25. Kd3 Kd6 26. Kc4
Na5+ 27. Kb5 Nc6 28. Ne4+ Kd5 29. Ng5 f6 30. e4+ Kd6 31. Nf3 g6 32. a4 h6 33.
h4 h5 34. b3 f5 35. exf5 gxf5 36. Kc4 Na5+ 37. Kb4 Nc6+ 38. Kc4 Na5+ 39. Kc3
Nc6 40. Nd4 Nxd4 41. Kxd4 b6 42. Kc4 Kc6 43. Kb4 Kd6 44. Kb5 Kc7 45. Ka6 Kb8
46. b4 Ka8 47. a5 bxa5 48. Kxa5 Kb8 49. Ka6 Ka8 50. b5 Kb8 51. b6 Ka8 52. Kb5
1-0

[Event "European Youth Chess Championship B16"]
[Site "Prague, Top Hotel Prague"]
[Date "2016.08.21"]
[Round "4.59"]
[White "Vystrcil, Martin"]
[Black "Pobor, Danilo"]
[Result "1/2-1/2"]
[WhiteElo "2029"]
[BlackElo "1783"]
[PlyCount "76"]
[EventDate "2016.08.18"]

1. e4 e6 2. d4 d5 3. Nd2 c5 4. Ngf3 cxd4 5. Nxd4 Nf6 6. exd5 Qxd5 7. N2b3 a6 8.
Be3 Be7 9. a3 O-O 10. c4 Qd6 11. g3 e5 12. Nf3 Qc7 13. Bg2 Bg4 14. Qc1 Rc8 15.
O-O Bxf3 16. Bxf3 e4 17. Bg2 Re8 18. Nd2 Bc5 19. Bxc5 Qxc5 20. Re1 e3 21. fxe3
Rxe3 22. Rxe3 Qxe3+ 23. Kh1 Nc6 24. Ne4 Qd4 25. Qc2 Rd8 26. Nxf6+ Qxf6 27. Rd1
g6 28. Rxd8+ Qxd8 29. b4 Qe7 30. Qe4 Qf6 31. Qe8+ Kg7 32. Qe1 Qb2 33. Bxc6 bxc6
34. Qe4 Qxa3 35. Qxc6 Qxb4 36. Qxa6 Qe1+ 37. Kg2 Qe2+ 38. Kg1 Qe1+ 1/2-1/2

[Event "European Youth Chess Championship B16"]
[Site "Prague, Top Hotel Prague"]
[Date "2016.08.21"]
[Round "4.60"]
[White "Chwistek, Karel"]
[Black "Pasha, Tariq"]
[Result "1/2-1/2"]
[WhiteElo "1961"]
[BlackElo "1756"]
[PlyCount "73"]
[EventDate "2016.08.18"]

1. e4 c5 2. Nc3 a6 3. a4 Nc6 4. f4 e6 5. Nf3 d5 6. d3 g6 7. g3 Bg7 8. Bg2 Nge7
9. O-O O-O 10. g4 Rb8 11. e5 b5 12. axb5 axb5 13. Ne2 Bb7 14. d4 c4 15. h4 Qb6
16. Kf2 f6 17. exf6 Bxf6 18. Kg3 Qc7 19. Ne5 Bg7 20. Bh3 Rbd8 21. Ra3 Rf6 22.
Raf3 Na7 23. Kg2 Rff8 24. Ng3 Nac8 25. f5 Bxe5 26. Qe2 exf5 27. gxf5 Nc6 28.
fxg6 Rxf3 29. gxh7+ Qxh7 30. Qxf3 Nxd4 31. Qg4+ Qg7 32. Bg5 Re8 33. c3 Ne6 34.
Qxe6+ Rxe6 35. Bxe6+ Kh8 36. Nh5 d4+ 37. Kh3 1/2-1/2

[Event "European Youth Chess Championship B16"]
[Site "Prague, Top Hotel Prague"]
[Date "2016.08.21"]
[Round "4.61"]
[White "Berntsen-Oybo, August"]
[Black "Aubrecht, Petr"]
[Result "0-1"]
[WhiteElo "1899"]
[BlackElo "1959"]
[PlyCount "80"]
[EventDate "2016.08.18"]

1. d4 Nf6 2. c4 g6 3. Nc3 Bg7 4. e4 d6 5. f3 O-O 6. Be3 e5 7. Nge2 Nc6 8. d5
Ne7 9. Qd2 Ne8 10. g4 c5 11. O-O-O a6 12. Kb1 Qa5 13. Nc1 Bd7 14. h4 f5 15.
gxf5 gxf5 16. Bg5 Nf6 17. Bd3 f4 18. Rdg1 Kh8 19. Qh2 h5 20. Bf1 Rae8 21. Bh3
Bxh3 22. Qxh3 b5 23. Bxf6 Bxf6 24. Rg5 Bxg5 25. hxg5 Kg7 26. Qe6 Nf5 27. Qd7+
Re7 28. Qc6 Rc7 29. Nb3 Rxc6 30. Nxa5 Ng3 31. Rxh5 Rcc8 32. Rh6 b4 33. Nd1 Rh8
34. Rxd6 Rh1 35. Kc2 Rh2+ 36. Kd3 Nf1 37. Nb3 a5 38. Ra6 Rch8 39. Rxa5 R8h3 40.
Nd4 Rd2# 0-1

[Event "European Youth Chess Championship B16"]
[Site "Prague, Top Hotel Prague"]
[Date "2016.08.21"]
[Round "4.62"]
[White "Mandic, Stefan"]
[Black "Zizka, Petr"]
[Result "1-0"]
[WhiteElo "1868"]
[BlackElo "2010"]
[PlyCount "72"]
[EventDate "2016.08.18"]

1. e4 c5 2. Nf3 d6 3. d4 cxd4 4. Nxd4 Nf6 5. Nc3 a6 6. Be2 Nbd7 7. O-O b5 8. f3
e6 9. a3 Bb7 10. Kh1 Be7 11. Be3 Qc7 12. Qe1 O-O 13. Qg3 Rfc8 14. Bh6 Bf8 15.
Rad1 d5 16. Bf4 e5 17. Nf5 Kh8 18. Bc1 d4 19. Nb1 Qxc2 20. Bd3 Qc7 21. b4 Bc6
22. Rde1 Nh5 23. Qh4 g6 24. f4 gxf5 25. Qxh5 Bxe4 26. Bxe4 fxe4 27. fxe5 Nxe5
28. Bb2 Bg7 29. Bxd4 Ng6 30. Bxg7+ Kxg7 31. Rxe4 Re8 32. Qf5 Rxe4 33. Qxe4 Rd8
34. Qf3 Rd6 35. Nc3 Qe7 36. Ne4 Re6 1-0

[Event "European Youth Chess Championship B16"]
[Site "Prague, Top Hotel Prague"]
[Date "2016.08.21"]
[Round "4.63"]
[White "Bugar, Peter"]
[Black "Skladtshikov, Andrei"]
[Result "1-0"]
[WhiteElo "1857"]
[BlackElo "1929"]
[PlyCount "73"]
[EventDate "2016.08.18"]

1. c4 Nf6 2. Nc3 g6 3. g3 Bg7 4. Bg2 O-O 5. Nf3 d6 6. O-O e5 7. d3 Nbd7 8. Rb1
a5 9. a3 Ne8 10. Bd2 f5 11. e3 Nc5 12. Qc2 Nf6 13. b4 Ne6 14. Ne1 axb4 15. axb4
g5 16. f4 exf4 17. exf4 g4 18. Ne2 c6 19. b5 d5 20. bxc6 bxc6 21. cxd5 cxd5 22.
Qb3 Re8 23. Nc3 Nc7 24. Nc2 Kh8 25. Rfe1 Rxe1+ 26. Rxe1 Ba6 27. Nb4 Rb8 28. Qa4
Bb5 29. Nxb5 Rxb5 30. Nc6 Qd7 31. Ne5 Qc8 32. Nf7+ Kg8 33. Nd6 Qb8 34. Nxb5
Nxb5 35. Rb1 Qb6+ 36. Kf1 Nc3 37. Qa8+ 1-0

[Event "European Youth Chess Championship B16"]
[Site "Prague, Top Hotel Prague"]
[Date "2016.08.21"]
[Round "4.64"]
[White "Solc, Filip"]
[Black "Nemec, Jakub"]
[Result "1/2-1/2"]
[WhiteElo "1915"]
[BlackElo "1563"]
[PlyCount "76"]
[EventDate "2016.08.18"]

1. e4 b6 2. d4 Bb7 3. Nc3 Nf6 4. e5 Ne4 5. Nxe4 Bxe4 6. Nf3 Nc6 7. Ng5 Bg6 8.
Bd3 Bxd3 9. Qxd3 h6 10. Ne4 e6 11. O-O d5 12. Ng3 Nb4 13. Qe2 c5 14. c3 Nc6 15.
Be3 Qd7 16. h4 g6 17. h5 g5 18. f4 Rg8 19. f5 O-O-O 20. Rf2 Qc7 21. fxe6 fxe6
22. Raf1 Be7 23. Rf7 Rdf8 24. Qg4 Nd8 25. Rxf8 Rxf8 26. Rc1 Kb8 27. Kh2 Kb7 28.
c4 cxd4 29. Qxd4 Nc6 30. cxd5 Nxd4 31. Rxc7+ Kxc7 32. d6+ Bxd6 33. exd6+ Kxd6
34. Bxd4 e5 35. Be3 Ke6 36. Kh3 Rc8 37. Kg4 Rc4+ 38. Kf3 Rc2 1/2-1/2

[Event "European Youth Chess Championship B16"]
[Site "Prague, Top Hotel Prague"]
[Date "2016.08.21"]
[Round "4.65"]
[White "Temmerman, Sander"]
[Black "Brejnik, Gustav"]
[Result "0-1"]
[WhiteElo "1659"]
[BlackElo "1868"]
[PlyCount "80"]
[EventDate "2016.08.18"]

1. e4 c6 2. d4 d5 3. e5 Bf5 4. h4 h5 5. Bd3 Bxd3 6. Qxd3 e6 7. Nf3 Qa5+ 8. Nc3
Qa6 9. Qe2 c5 10. Be3 Qxe2+ 11. Kxe2 cxd4 12. Nxd4 a6 13. Rac1 Ne7 14. f4 Nbc6
15. Kf3 Nxd4+ 16. Bxd4 Nf5 17. Bf2 Rc8 18. Ne2 Bb4 19. c3 Be7 20. g3 Kd7 21.
Nd4 Nxd4+ 22. cxd4 Bb4 23. Ke2 b5 24. a3 Be7 25. b4 a5 26. bxa5 Bxa3 27. Ra1
Bb2 28. Ra2 Bc3 29. Kd3 Rc4 30. Rb1 Kc6 31. a6 Ra8 32. a7 Kb6 33. Be3 b4 34.
Rg1 Rxa7 35. Rxa7 Kxa7 36. Rc1 Ka6 37. Rc2 Kb5 38. Ra2 b3 39. Ra7 b2 40. Ke2
Rb4 0-1

[Event "European Youth Chess Championship B16"]
[Site "Prague, Top Hotel Prague"]
[Date "2016.08.22"]
[Round "5.1"]
[White "Sorokin, Aleksey"]
[Black "Petrov, Martin"]
[Result "1-0"]
[WhiteElo "2425"]
[BlackElo "2446"]
[PlyCount "63"]
[EventDate "2016.08.18"]

1. d4 Nf6 2. c4 e6 3. Nf3 b6 4. a3 Bb7 5. Nc3 d5 6. cxd5 Nxd5 7. Qc2 Nd7 8.
Nxd5 exd5 9. Bg5 f6 10. Bf4 c5 11. g3 c4 12. h4 b5 13. Bh3 Nb6 14. h5 Bc8 15.
Bxc8 Rxc8 16. Nh4 Qd7 17. O-O Qg4 18. e4 Qxh5 19. Rae1 Kf7 20. e5 Re8 21. exf6
Rxe1 22. Rxe1 gxf6 23. Qd2 Qg4 24. Qe3 Qd7 25. Qe2 h5 26. Qc2 Qg4 27. f3 Qg7
28. Qf5 Kg8 29. Ng6 Rh7 30. Re8 Nd7 31. Nxf8 Nxf8 32. Bd6 1-0